| 000 | 00000nam 2200000za 4500 |
| 001 | 9.800079 |
| 003 | CaOODSP |
| 005 | 20250506145324 |
| 007 | cr ||||||||||| |
| 008 | 150421s1981 xxc |s f|0| 0 fre d |
| 020 | |z0-662-91263-2 |
| 040 | |aCaOODSP|bfre |
| 043 | |an-cn--- |
| 086 | 1 |aA73-5146/1981F-PDF |
| 245 | 04|aLes aliments |h[ressource électronique] :|boù vont vos dollar$?. |
| 246 | 3 |aLes aliments -- où vont vos dollars? |
| 260 | |aOttawa : |bAgriculture Canada, |cc1981. |
| 300 | |a12 p. : |bill. en coul. |
| 500 | |aPublication historique numérisée par Agriculture et Agroalimentaire Canada. |
| 500 | |aÉgalement disponible en anglais sous le titre : Your food dollar$ : where do they go?. |
| 692 | 07|2gccst|aÉtablissement des prix |
| 692 | 07|2gccst|aConsummateur |
| 692 | 07|2gccst|aIndustrie agro-alimentaire |
| 710 | 1 |aCanada.|bAgriculture Canada. |
| 775 | 08|tYour food dollar$ |w(CaOODSP)9.800073 |
| 856 | 40|qPDF|s1.30 MB|uhttps://publications.gc.ca/collections/collection_2015/aac-aafc/A73-5146-1981-fra.pdf |
| 986 | |aPublication 5146F |